• 首页
  • 本馆介绍
  • 公告通知
  • 最新文献
  • 馆藏检索
  • 电子资源
  • 读者导购
  • 参考咨询
  • 我的图书馆
  • 登录
  • 详细信息显示
  • 放入我的书架
  • 预约/预借图书
  • 作者相关作品
  • 分类相关作品
  • 丛书相关作品
  • 出版社相关作品

书目信息

  • 表格格式
  • 工作单格式
  • 卡片格式
题名:
奥林匹克运动与现代科技
    
 
作者: 高红 编著
分册:  
出版信息: 北京   大众文艺出版社  2006
页数: 174页
开本: 19cm
丛书名: 奥林匹克百科丛书
单 册:
中图分类: G811.21
科图分类:
主题词: 高技术--应用--奥运会 , 高技术 , 奥运会
电子资源:
ISBN: 7-80094-875-7
000 00907oam2 2200289 45
001 012006092501
005 20070707102946.93
010    @a7-80094-875-7@dCNY158.00(共8册)
092    @aCN@b505333
100    @a20060925d2006 em y0chiy0120 ea
101 0  @achi
102    @aCN@b110000
105    @ay z 000yy
200 1  @a奥林匹克运动与现代科技@9ao lin pi ke yun dong yu xian dai ke ji@f高红编著
205    @a2版
210    @a北京@c大众文艺出版社@d2006
215    @a174页@d19cm
225 2  @a奥林匹克百科丛书@h二
330    @a本书包括:奥林匹克运动与现代科技的发展、奥林匹克与现代训练、奥林匹克与运动营养、奥林匹克与运动处方、奥林匹克与兴奋剂等内容。
461  0 @12001 @a奥林匹克百科丛书
606 0  @a高技术@x应用@x奥运会
606 0  @a高技术
606 0  @a奥运会
690    @aG811.21@v4
701  0 @a高红@9gao hong@4编著
801  0 @aCN@bLZJBOOK@c20070707
905    @a10447@dG811.21@e39=2
    
    奥林匹克运动与现代科技/高红编著.-2版.-北京:大众文艺出版社,2006
    174页;19cm.-(奥林匹克百科丛书.二)
    
    
    ISBN 7-80094-875-7:CNY158.00(共8册)
    本书包括:奥林匹克运动与现代科技的发展、奥林匹克与现代训练、奥林匹克与运动营养、奥林匹克与运动处方、奥林匹克与兴奋剂等内容。
●
相关链接 在E读中查询图书 在五车中查询图书 在当当中查询图书 在豆瓣中查询图书


正题名:奥林匹克运动与现代科技     索取号:G811.21/39=2         预约/预借

序号 登录号 条形码 馆藏地/架位号 状态 备注
1 0565347   205653470   第一样本阅览室/ [索取号:G811.21/39=2] 在馆    
2 0565348   205653489   第四借阅区/ [索取号:G811.21/39=2] 在馆    
3 0565349   205653498   第四借阅区/ [索取号:G811.21/39=2] 在馆    
4 0565350   205653504   密集书库/ [索取号:G811.21/39=2] 在馆    
5 0565351   205653513   密集书库/ [索取号:G811.21/39=2] 在馆    
唐山师范学院图书馆 欢迎您!
大连网信软件有限公司© 版权所有